000 00585nam a2200229Ia 4500
003 OSt
005 20221006165057.0
006 a|||||r|||| 00| 0
007 ta
008 221006b |||||||| |||| 00| 0 eng d
024 _a1,788
037 _cTextual
040 _aFML
_cFML
_beng
041 _2eng
_aeng
082 _aNR5z7, K0
100 _aMyers Rollo H Au.
_9679042
245 0 _aTwentieth Century Music
260 _aLondon
_bJohn Calder
_c1960
300 _a243
_ccm.
942 _hNR5z7, K0
_cTEXL
_2CC
999 _c1119513
_d1119513